Fastest growing U.S. metro areas by decade - Statistics

General Stats
  • This quiz has been taken 451 times
  • The average score is 24 of 27
Answer Stats
# Decades Metro area % Correct
11 New York City
99%
8 Dallas
98%
9 Houston
98%
10 Los Angeles
98%
8 Chicago
97%
8 Miami
96%
7 San Francisco
96%
6 Philadelphia
95%
6 Atlanta
94%
3 Seattle
94%
1 Austin
93%
6 Detroit
93%
5 Phoenix
93%
3 Boston
92%
3 Cleveland
91%
1 Denver
90%
2 San Diego
90%
1 Tampa
90%
8 Washington, DC
87%
1 Charlotte
86%
3 Pittsburgh
85%
2 St. Louis
84%
1 Las Vegas
82%
1 Orlando
82%
1 Baltimore
81%
4 Riverside, CA
45%
1 Akron
22%
No matching quizzes found
Score Distribution
Percent of People with Each Score
Percentile by Number Answered
Your Score History
You have not taken this quiz